000 00301nam a2200121Ia 4500
008 220214s9999 xx 000 0 und d
100 _aTshiteya Mukuna
245 0 _aFuel production from a brewery residue
260 _bEnergy
_c1985
300 _a1299-1300
650 _aFuel production
942 _cRE
999 _c45581
_d45581